| 000 | 01457 a2200241 4500 | ||
|---|---|---|---|
| 003 | Nust | ||
| 005 | 20230712093601.0 | ||
| 010 | _a 86002006 | ||
| 020 | _a0827325347 (pbk.) | ||
| 040 | _cNust | ||
| 082 | 0 | 0 | _a537,ALE |
| 100 | 1 |
_aAlerich, Walter N. _962349 |
|
| 245 | 1 | 0 |
_aElectricity 3 : _bmotors, controls, alternators / _cWalter N. Alerich. |
| 250 | _a4th ed. | ||
| 260 |
_aAlbany, N.Y. : _bDelmar Publishers, _cc1986. |
||
| 300 |
_aix, 240 p. : _bill. ; _c26 cm. |
||
| 505 | _aOperating Principles (Page-1), The separately Excited DC Generators (Page-7), The Self Exited shunt Generators (Page-11), The Dc Shunt Motor (Page-23), The DC Series motors (Page-35), DC Compound Motors (Page-39), Summary Review (Page-45), Manual starting reposts for DC motors (Page-46), Basic Principles of automatic Motors (Page-67), The DC Counter EMF Motor Controller (Page-75), The Three face way Connection (Page-115), The Three phase Delta Connection (Page-121), Basic Principles of transformers (Page-131), Single phase transformers (Page-141), Single phase Transformers (Page-165), Wye and Delta Connection of single Phase (Page-189), Instrumentation Transformers (Page-199), National Electrical Code requirements for transformers (Page-211). | ||
| 650 | 0 |
_aElectric controllers. _941202 |
|
| 650 | 0 |
_aElectric generators _xAlternating current. _9113550 |
|
| 650 | 0 | _aElectric motors, Alternating current. | |
| 740 | 0 | _aElectricity 3 | |
| 942 |
_2ddc _cBKB |
||
| 999 |
_c184230 _d184230 |
||